Offshoring a jeho vplyv na rozvoj globálneho trhu s pracovnou silou diplomová práca

Na minha lista:
Detalhes bibliográficos
Autor principal: Osvald, Tomáš
Autor Corporativo: Obchodná fakulta EU. Katedra medzinárodného obchodu
Outros Autores: Verček, Peter
Formato: Livro
Idioma:eslovaco
Publicado em: Bratislava 2011
Tags: Adicionar Tag
Sem tags, seja o primeiro a adicionar uma tag!

MARC

LEADER 00000nam a2200000 4500
001 0147839
005 20240318124755.4
041 0 |a slo 
044 |a SK 
245 1 0 |a Offshoring a jeho vplyv na rozvoj globálneho trhu s pracovnou silou  |b diplomová práca  |c Tomáš Osvald ; školiteľ: Peter Verček 
264 1 |a Bratislava  |c 2011 
300 |a 96 s. 
100 1 |a Osvald, Tomáš 
700 1 |a Verček, Peter 
710 2 |a Obchodná fakulta EU. Katedra medzinárodného obchodu